000 01114nam a2200289 i 4500
001 93437
003 ES-MaACL
005 20250624062900.0
007 t|
008 050526s1962 sp ||||1| spa d
080 _a738 Colmeiro, Elena (083.82)
100 1 _aColmeiro, Elena.
_939764
245 1 0 _aElena Colmeiro
_b: [exposición, Sala del Prado del Ateneo de Madrid, 21 de mayo-2 de junio de 1962] /
_c[Texto: Antonio Bonet Correa].
260 _aMadrid :
_bEditora Nacional,
_c[1962]
300 _a[32] p. :
_bprincipalmente il. n. ;
_c21 cm.
490 1 _aCuadernos de arte. Colección ordinaria ;
_v94
600 1 4 _aColmeiro, Elena-
_vExposiciones.
_939765
610 2 7 _aAteneo de Madrid-
_vExposiciones-
_y1960-1969.
_91920
655 7 _2tgfbne
_9193628
_aCatálogos de exposiciones
700 1 _aBonet Correa, Antonio.
_930126
710 2 _aAteneo de Madrid.
_bSala del Prado.
_91965
830 0 _aCuadernos de arte. Colección ordinaria
_v94
_9180064
852 _aES-MaACL
_j2192-F-17
_bR.136070
_996887
852 _aES-MaACL
_jG-13299(8)
_996888
942 _2udc
999 _c93437
_d93437